Dobrodružstvá Sherlocka Holmesa I.

Bibliographic Details
Main Author: Doyle, Arthur Conan, 1859-1930 (Author)
Other Authors: Bednár, Alfonz, 1914-1989 (Translator)
Format: Book
Language:Slovak
English
PhysicalDescription:367 strán 21 cm
Published: Bratislava Ditec Petrus 2003
ISBN:8088939607
Edition:2. bilingválne vydanie
Series:Bilingua
Subjects:

MARC

LEADER 00000cam a2200000 a 4500
001 vtls001464103
003 SK-MaSNL
005 20260301121659.0
008 220509s2003 xo gr 0000j slo
015 |a SNBA2004/03-02157 
020 |a 8088939607 
035 |a SNK000419408 
035 |a urn:nbn:sk:snk-am3j1u9 
035 |a 4DE80FCD-10A8-4C77-8749-4CE2D5F1F622 
035 |a urn:nbn:sk:snk-am00gl3q 
040 |a SNK  |b slo  |c SNK  |e AACR2 
041 1 |a slo  |a eng  |h eng 
044 |a xo  |c SK 
072 7 |a 821.111-3  |x Anglická próza, anglicky písaná  |2 konspekt 
080 |a 821.111-32  |2 2011 
080 |a (0:82-322.4)  |2 2011 
080 |a (0.027)=030  |2 2011 
100 1 |a Doyle, Arthur Conan,  |d 1859-1930  |4 aut  |9 99139 
240 1 4 |a The adventures of Sherlock Holmes  |l Slovensky 
245 1 0 |a Dobrodružstvá Sherlocka Holmesa  |n I.  |c Arthur Conan Doyle ; preložil: Alfonz Bednár 
246 3 1 |a The adventures of Sherlock Holmes 
250 |a 2. bilingválne vydanie 
260 |a Bratislava  |b Ditec  |b Petrus  |c 2003 
300 |a 367 strán  |c 21 cm 
490 1 |a Bilingua  |v 13 zväzok 
500 |a Súbežná titulná strana a text v angličtine 
500 |a Pravdepodobne preložené z angličtiny 
655 7 |a anglické poviedky  |2 SNKPH  |9 70540 
655 7 |a detektívne poviedky  |2 SNKPH  |9 70227 
655 7 |a dvojjazyčné vydania  |2 SNKPH  |9 79030 
700 1 |a Bednár, Alfonz,  |d 1914-1989  |4 trl  |9 97786 
830 0 |a Bilingua  |9 300956 
919 |a 80-88939-60-7 
958 |a LX 
958 |a UP 
958 |a NS 
958 |a GB 
958 |a OND 
968 |b ENG 
999 |c 730255  |d 732185 
952 |t P60, <03>, [BOOK], {603}  |a SNK  |b SNK  |y PREZ  |7 0  |p 17A0404987  |o snkSC 113835/1  |i snkKSP 15216/2003  |0 0  |1 0  |4 0  |d 2003-12-01  |f 1  |l 0  |r 2025-10-02 00:00:00  |w 2026-02-23 
952 |t P60, <04>, [BOOK], {604}  |a SNK  |b SNK  |y VYP  |7 0  |p 17A0404986  |o snkSC 113835/1 D1  |i snkKSP 15217/2003  |0 0  |1 0  |4 0  |d 2003-12-01  |l 0  |r 2005-01-02 00:00:00  |w 2026-02-23